Estudio micrográfico de la hoja y su aplicación al movimiento de hojas de uso farmacéutico (Record no. 136696)
[ view plain ]
| 000 -LEADER | |
|---|---|
| campo de control de longitud fija | 00573nam a2200157 4500 |
| 001 - NÚMERO DE CONTROL | |
| campo de control | 136696 |
| 003 - IDENTIFICADOR DE NÚMERO DE CONTROL | |
| campo de control | ES-MaACL |
| 005 - FECHA Y HORA DE LA ÚLTIMA TRANSACCIÓN | |
| campo de control | 20230906195214.0 |
| 007 - CAMPO FIJO DE DESCRIPCIÓN FÍSICA--INFORMACIÓN GENERAL | |
| campo de control de longitud fija | t| |
| 008 - DATOS DE LONGITUD FIJA--INFORMACIÓN GENERAL | |
| campo de control de longitud fija | 070214s1902 sp r ||||1| spa d |
| 100 1# - ENTRADA PRINCIPAL--NOMBRE DE PERSONA | |
| Nombre de persona | Sala y Pons, Claudio. |
| 9 (RLIN) | 101680 |
| 245 10 - MENCIÓN DEL TÍTULO | |
| Título | Estudio micrográfico de la hoja y su aplicación al movimiento de hojas de uso farmacéutico |
| Resto del título | : tesis doctoral : con seis grabados y una lámina en color / |
| Mención de responsabilidad, etc. | Claudio Sala y Pons. |
| 260 ## - PUBLICACIÓN, DISTRIBUCIÓN, ETC. | |
| Lugar de publicación, distribución, etc. | Madrid : |
| Nombre del editor, distribuidor, etc. | Avrial, |
| Fecha de publicación, distribución, etc. | 1902. |
| 300 ## - DESCRIPCIÓN FÍSICA | |
| Extensión | 52 p., 1 lám. col. : |
| Otras características físicas | il. ; |
| Dimensiones | 22 cm. |
| 852 ## - LOCALIZACIÓN | |
| Ubicación | ES-MaACL |
| Número de control de estantería | T-1050-F-11 |
| Estatus retirado | Estado de pérdida | Estado de daño | No para préstamo | Colección | Biblioteca de origen | Biblioteca actual | Ubicación en estantería | Fecha de adquisición | Fuente de adquisición | Total de préstamos | Signatura topográfica completa | Código de barras | Visto por última vez | Precio de reemplazo | Tipo de ítem Koha |
|---|---|---|---|---|---|---|---|---|---|---|---|---|---|---|---|
| Colección de folletos | Biblioteca del Ateneo de Madrid | Biblioteca del Ateneo de Madrid | Depósito folletos | 17/01/2008 | T-1050-F-11 | 1142262 | 23/02/2023 | 23/02/2023 | Folleto |
